000 00242nam a2200097Ia 4500
008 231212s2001 xx 000 0 und d
041 _aeng
100 _aGokhale
245 _aIntroduction To Telecommunication
260 _aMumbai
_bUnivers
_c2001
999 _c968583
_d968583